00655 a2200205 450000500170000000800410001701000140005802000260007203500130009803700150011104000180012608200120014410000310015624500630018726000410025030000280029150000510031965000210037027000580039120080829123836.0080908t xxu||||| |||| 00| 0 eng d aENG-90974 a9788178803661c700.00 aEN-74507 bDBAD / PUB adplbEnglish  a370.954 aBandyopadhyay, Bimal Kumar aGlobal literacy challenges /cby Bimal Kumar Bandyopadhyay aNew DelhibRajat Publicationsc2008 avi, 286 p.c22 cm. (Hb) aIncludes bibliographical references and index  aEducationzIndia a4675/21, Ansari Raod, Darya Ganj, bNew Delhie110002